Normal view
MARC view
- COMUTER NETWORKS.ROUTERS (COMPUTER NETWORKS), WIRELESS COMMUNICATION SYSTEMS
Entry Topical Term
001 - CONTROL NUMBER
- control field: 65015
003 - CONTROL NUMBER IDENTIFIER
- control field: NUST
005 - DATE AND TIME OF LATEST TRANSACTION
- control field: 20210628203351.0
008 - FIXED-LENGTH DATA ELEMENTS
- fixed length control field: 210628|| aca||aabn | a|a d
040 ## - CATALOGING SOURCE
- Original cataloging agency: NUST
- Transcribing agency: NUST
150 ## - HEADING--TOPICAL TERM
- Topical term or geographic name entry element: COMUTER NETWORKS.ROUTERS (COMPUTER NETWORKS), WIRELESS COMMUNICATION SYSTEMS
670 ## - SOURCE DATA FOUND
- Source citation: Work cat.: (NUST): Tonguz, Ozan .K , Ferrari, Gianluigi 65014, Ad hoc wireless networks ,a communication theoretic perspective, 2006
